000 00583nam a2200205 i 4500
001 35437
003 ES-MaACL
007 t|
008 030213s1983 sp ||||1| spa d
100 1 _aBorn, Nicolás.
_930515
245 1 3 _aLa falacia /
_cNicolás Born ; traducción de Isabel García Wetzler.
250 _a1ª ed.
260 _aBarcelona :
_bLaia,
_c[1983]
300 _a307 p. ;
_c20 cm.
490 1 _aLaia literatura
700 1 _aGarcía Wetzler, Isabel.
_955422
830 0 _aLaia literatura
_9182566
852 _aES-MaACL
_jL-5638
_bR.106186
999 _c35437
_d35437